Online
Catalog

Sesgo anti-exportador y promoción de exportaciones en la Republica Dominicana / (Record no. 6865)

MARC details
000 -CABECERA
campo de control de longitud fija 00943nam a2200229 a 4500
001 - NÚMERO DE CONTROL
campo de control 000007082
005 - FECHA Y HORA DE LA ÚLTIMA TRANSACCIÓN
campo de control 20240305095107.0
008 - DATOS DE LONGITUD FIJA--INFORMACIÓN GENERAL
campo de control de longitud fija 090904s1994 dr d 000 0 spa d
040 ## - FUENTE DE LA CATALOGACIÓN
Centro catalogador/agencia de origen DO-SdBNP
Lengua de catalogación spa
Centro/agencia transcriptor BNPHU
082 ## - NÚMERO DE LA CLASIFICACIÓN DECIMAL DEWEY
Número de clasificación 382.6
Número de documento/Ítem D238s
100 1# - ENTRADA PRINCIPAL--NOMBRE DE PERSONA
Nombre de persona Dauhajre, Andrés
9 (RLIN) 6000
245 10 - MENCIÓN DE TÍTULO
Título Sesgo anti-exportador y promoción de exportaciones en la Republica Dominicana /
Mención de responsabilidad, etc. Andres Dauhajre ; presentación Héctor Valdéz Albizu.
260 ## - PUBLICACIÓN, DISTRIBUCIÓN, ETC.
Lugar de publicación, distribución, etc. Santo Domingo :
Nombre del editor, distribuidor, etc. Banco Central de la República Dominicana,
Fecha de publicación, distribución, etc. 1994.
300 ## - DESCRIPCIÓN FÍSICA
Extensión x, 125 p. :
Otras características físicas diagr. ;
Dimensiones 23 cm.
500 ## - NOTA GENERAL
Nota general incluye referencias bibliográficas y notas al pie de las páginas
590 ## - NOTA LOCAL (RLIN)
Nota local Inventariado, 2018/VM
650 #4 - PUNTO DE ACCESO ADICIONAL DE MATERIA--TÉRMINO DE MATERIA
Término de materia o nombre geográfico como elemento de entrada Exportaciones
Subdivisión geográfica República Dominicana
9 (RLIN) 19683
651 #4 - PUNTO DE ACCESO ADICIONAL DE MATERIA--NOMBRE GEOGRÁFICO
Nombre geográfico República Dominicana
Subdivisión general Comercio Exterior
9 (RLIN) 7912
650 #4 - PUNTO DE ACCESO ADICIONAL DE MATERIA--TÉRMINO DE MATERIA
Término de materia o nombre geográfico como elemento de entrada Promoción de exportación
9 (RLIN) 19684
700 12 - PUNTO DE ACCESO ADICIONAL--NOMBRE DE PERSONA
Nombre de persona Valdez Albizu, Héctor,
Fechas asociadas al nombre 1947-
9 (RLIN) 12322
910 ## - DATOS DE OPCIÓN DEL USUARIO (OCLC)
Datos de opción del usuario Validado. Control de calidad MFF
Holdings
Estado de retiro Estado de pérdida Restricciones de uso No para préstamo Código de colección Localización permanente Ubicación/localización actual Ubicación en estantería Fecha de adquisición Número de inventario Total de préstamos Signatura topográfica completa Código de barras Fecha visto por última vez Número de copia Precio válido a partir de Tipo de ítem Koha
        Dominicana de Servicio General General Depósito 08.05.2015 LF1   382.6 D238s 7082-40 25.06.2020 e. 3 25.06.2020 Libro y Folleto Colección Dominicana de Servicio
        Dominicana de Servicio General General Depósito 08.05.2015 LF1   382.6 D238s 7082-50 25.06.2020 e. 4 25.06.2020 Libro y Folleto Colección Dominicana de Servicio
        Dominicana de Servicio General General Depósito 08.05.2015 LF1   382.6 D238s 7082-60 25.06.2020 e. 5 25.06.2020 Libro y Folleto Colección Dominicana de Servicio
      Excluido de préstamo Patrimonio Dominicano Patrimonio Dominicano Patrimonio Dominicano Depósito 10.09.2009 LF1   382.6 D238s 7082-20 25.06.2020   25.06.2020 Libro y Folleto Colección Patrimonio Dominicano
      Excluido de préstamo Patrimonio Dominicano Patrimonio Dominicano Patrimonio Dominicano Depósito 10.03.2010 LF1   382.6 D238s 7082-30 25.06.2020 e. 2 25.06.2020 Libro y Folleto Colección Patrimonio Dominicano

Powered by Koha